Campos de aplicación del servicio social
Saved in:
| Main Authors: | , , |
|---|---|
| Format: | Bog |
| Sprog: | spansk |
| Udgivet: |
Buenos Aires
Humanitas
1972
|
| Udgivelse: | 1a. ed |
| Serier: | Colección Promoción Humana, 8
|
| Fag: | |
| Tags: |
Tilføj Tag
Ingen Tags, Vær først til at tagge denne postø!
|
MARC
| LEADER | 00000cam a2200000 a 4500 | ||
|---|---|---|---|
| 001 | UCD4702 | ||
| 003 | CL-VaPUC | ||
| 008 | 160717e19720000ag |||||||||||||||||spa|d | ||
| 082 | 0 | 4 | |a 361 |b FIN |2 21 |
| 100 | 0 | |a Fink, Arthur E |e author |9 588421 | |
| 700 | 0 | |a Anderson, C. Wilson |e author |9 588422 | |
| 700 | 0 | |a Conover, Merrill B |e author |9 588423 | |
| 245 | 1 | 0 | |a Campos de aplicación del servicio social |
| 250 | |a 1a. ed | ||
| 300 | |a 495 p | ||
| 942 | |c BK | ||
| 945 | |d 20160717 19:54:00 |a dcastane | ||
| 260 | |a Buenos Aires |b Humanitas |c 1972 | ||
| 650 | 0 | |a Bienestar social |9 255298 | |
| 650 | 0 | |a Servicio social |9 307999 | |
| 650 | 7 | |a PLANIFICACION SOCIAL |2 CL-VaPUC |9 348452 | |
| 650 | 0 | |a Trabajo social |9 307856 | |
| 583 | |a last modification |c 20160717 19:54:00 |k Rodrigo Vera | ||
| 490 | 0 | |a Colección Promoción Humana, 8 | |
| 999 | |c 365555 |d 365553 | ||
| 952 | |0 0 |1 0 |3 erb |4 0 |6 361_000000000000000_FIN_1972 |7 0 |8 A |9 479438 |a FDOHBE |b FDOHBE |e Huesbe Llanos, Marco Antonio, 1934- |i 5306876 |o 361 FIN 1972 |p 5306876 |r 2024-01-30 |w 2019-11-24 |y BK |z Catalogado en:20160717 |k HBE | ||